000 01169nam a22002537a 4500
999 _c22177
_d22177
003 AR-CdUCM
008 190425b ||||| |||| 00| 0 spa d
040 _aMUNICIPALIDAD PROVINCIAL DEL CUSCO
_cBIBLIOTECA MUNICIPAL DEL CUSCO
082 _aOropesa/N°65/2008
245 _aOropesa :
_brevista de cultura y educación de opinión y crítica /
_cAmérico Valer Vargas, Director
260 _aCusco.
_bPantigozo,
_c2008.
300 _a18 páginas. :
_bilustraciones ;
_c30 cm.
440 _aOropesa.
_nAño XXVIII, N°LXV, febrero 2008.
_947601
505 _aContenido: Oropesa y su realidad. -- Que esta sucediendo con la economía mundial. -- Se inicio revocatoria en Oropesa. -- irrigación del sector Ermita un elefante blanco. -- De las áreas circundantes a los sitios arqueológicos y el corazón de centros históricos en el Perú.
650 _aPolítica cusqueña
_947381
650 _aCultura andina
_947570
650 _aSociedad cusqueña
_947493
650 _aSiglo XX
_947561
700 _aCanal Astete, Washington
_947571
700 _aSaloma González, Adolfo
_947592
700 _aValer Vargas, Alejandro
_947563
942 _2ddc
_cPP
945 _arac